| 000 | 00855nam a2200265 a 4500 | ||
|---|---|---|---|
| 001 | BRL_1250 | ||
| 005 | 20190320211118.0 | ||
| 008 | 051213s1962----mx-a######---#000-0#spa-# | ||
| 041 | _aspa | ||
| 044 | _amx | ||
| 050 | 4 |
_aF1219.3 _b.W47 1962 |
|
| 100 | 1 |
_aWestheim, Paul _d1886-1963 _925605 |
|
| 245 | 1 | 0 |
_aLa cerámica del México antiguo _bfenómeno artístico _cPaul Westheim ; traducción Mariana Frenk. |
| 260 |
_aMéxico _bUNAM, Dirección General de Publicaciones _c1962 |
||
| 300 |
_a56 p. _bil., 102 láminas _c24 cm. |
||
| 440 | 0 |
_aColección de arte _v11 _926279 |
|
| 500 | _aIncluye dedicatoria a Ruth | ||
| 500 | _aAu1444 | ||
| 504 | _aBibliografía: p. 53-[57] | ||
| 650 | 1 | 4 |
_aCerámica indígena _zMéxico _923735 |
| 651 | 4 |
_aMéxico _xAntigüedades _92765 |
|
| 700 | 1 |
_aFrenk, Mariana _etr. _926280 |
|
| 902 | _aGRL | ||
| 942 |
_2lcc _cB |
||
| 999 |
_c10062 _d10062 |
||